Life the science of biology / (Registro nro. 5192)
[ vista simple ]
| 000 -CABECERA | |
|---|---|
| Campo de control | 00716nam a2200229 i 4500 |
| 005 - FECHA Y HORA DE LA ULTIMA TRANSACCION | |
| Campo de control | 20160117054759.0 |
| 008 - ELEMENTOS DE LONGITUD FIJA—INFORMACION GENERAL | |
| Campo de control | 140318s2004 enk||||| |||| 00| 0 eng d |
| 040 ## - FUENTE DE CATALOGACIÓN | |
| Agencia catalogadora original | CO-BoIAVH |
| Agencia transcriptora | CO-BoIAVH |
| 041 ## - IDIOMA | |
| Código de idioma para texto/pista de sonido o título separado | Inglés |
| 082 04 - NUMERO DE CLASIFICACION DECIMAL DEWEY | |
| Número de clasificación | 570 |
| Número del ítem | P98l |
| 100 1# - ASIENTO PRINCIPAL--NOMBRE PERSONAL | |
| Nombre personal | Purves, Willim K |
| 9 (RLIN) | 22701 |
| 245 10 - MENCION DE TITULO | |
| Título | Life the science of biology / |
| Mención de responsabilidad | William K. Purves y (otros tres autores). |
| 250 ## - MENCION DE EDICION | |
| Mención de edición | Séptima edición. |
| 260 ## - PUBLICACION, DISTRIBUCION, ETC. (PIE DE IMPRENTA) | |
| Lugar de publicación, distribución, etc. | Sunderland : |
| Nombre del editor, distribuidor, etc. | Sinauer Associates, |
| Fecha de publicación, distribución, etc. | 2004. |
| 300 ## - DESCRIPCION FISICA | |
| Extensión | 1120 p. |
| 650 14 - ASIENTO SECUNDARIO DE MATERIA - TERMINO TEMATICO | |
| Término temático o nombre geográfico como elemento de entrada | Biología |
| Subdivisión general | Historia natural |
| 9 (RLIN) | 51980 |
| 700 1# - ASIENTO SECUNDARIO - NOMBRE PERSONAL | |
| Nombre personal | Sadava, David, |
| Término de relación | autor. |
| 9 (RLIN) | 22702 |
| 700 1# - ASIENTO SECUNDARIO - NOMBRE PERSONAL | |
| Nombre personal | Orians, Gordon H., |
| Término de relación | autor. |
| 9 (RLIN) | 22703 |
| 700 1# - ASIENTO SECUNDARIO - NOMBRE PERSONAL | |
| Nombre personal | Heller, H. Craig, |
| Término de relación | autor. |
| 9 (RLIN) | 22704 |
| 942 ## - ELEMENTOS ADICIONALES (KOHA) | |
| Tipo de ítem | Libro |
| Sistema de clasificación | Dewey Decimal Classification |
| 945 ## - PROCESAMIENTO LOCAL | |
| AAAA-MM-DD - Fecha de ingreso o modificacion | 2006-02-03 |
| Withdrawn status | Lost status | Sistema de Clasificación | Damaged status | No para préstamo | Colección | Inventariado | Ubicación Permanente | Ubicación actual | Fecha de adquisición | Fuente de Valor | Valor | Total Checkouts | Número topográfico | Inventario / Código de Barras | Date last seen | Ejemplar | Price effective from | Forma de adquisición | Tipo de material |
|---|---|---|---|---|---|---|---|---|---|---|---|---|---|---|---|---|---|---|---|
| Dewey Decimal Classification | General | Inventariado 2017 | Bogotá | Bogotá | 03/02/2006 | Amazon | 42000.00 | LB-570 P98l | 022937 | 04/12/2012 | Ej. 1 | 04/12/2012 | Compra | Libro |